| 000 | 00740nam a2200217Ia 4500 | ||
|---|---|---|---|
| 001 | 9594 | ||
| 003 | GE_BSU | ||
| 008 | 181216s||||||||xx |||||||||||||| ||und|| | ||
| 040 | _cGE_BSU | ||
| 080 | _a821.353.1-7 | ||
| 100 | _aმაღლაფერიძე,სერგო | ||
| 245 | _aბუმერანგი | ||
| 245 | _bიუმორისტილი მოთხრობები | ||
| 245 | _cრედ:ა.გურჯიძე;მხატვ:დ.გრიგოლია | ||
| 260 | _aთბილისი. | ||
| 260 | _bსაბჭ.საქართველო | ||
| 260 | _c1974. | ||
| 300 | _a103გვ;17სმ. | ||
| 653 | _aიუმორისტილი მოთხრობები | ||
| 942 | _cBK | ||
| 999 |
_c42885 _d42885 |
||